00570nam a2200193Ia 4500008004000000041000800040082001200048100002000060245003500080260002600115650001200141650001400153650000700167650001400174690002200188906001100210999001900221952013600240210210b1958 xxu||||| |||| 00| 0 eng d aeng a320/448 aPARKINSON (N C) aEvolution of political thought abNot Mentionedc1958 athought apolitical aof aEvolution aPolitical Science a003092 c118425d118425 001040748Political ScienceaALbALcPolitical Scienced2021-02-17g0.00l0o320/448p003092r2021-02-17 00:00:00w2021-02-17yBK